000 00903nmc a2200325 a 4500
003 AR-BaBNM
005 20251128204314.0
008 011101s1993 ||||||||||||||000 | spa||
020 _a950-581-639-1
040 _cAR-BaBNM
100 1 _aCaillón, Adriana
245 1 0 _aLos actos escolares y los contenidos del aprendizaje
260 _aBuenos Aires
_bColihue
_c1993
300 0 _a271 p.
_bil., gráfs., mapas
490 0 _aNuevos caminos
650 4 _aACTIVIDADES ESCOLARES
650 4 _aACTIVIDADES CULTURALES
650 4 _aACTIVIDADES INTEGRADAS
650 4 _aEDUCACION MUSICAL
650 4 _aEDUCACION FISICA
650 4 _aRELACION ESCUELA-COMUNIDAD
650 4 _aCALENDARIOS ESCOLARES
650 4 _aCEREMONIAS
650 4 _aCOSTUMBRES Y TRADICIONES
653 0 _aMODELOS EDUCATIVOS
653 0 _aEFEMERIDES
700 1 _aVillegas, Azucena
942 _cBK
998 _cCarmen
999 _c6956
_d6956